Sports Quiz

Random Sports or NBA Quiz

2010 in Sports (US) Quiz Stats

Quiz Updated Aug 20, 2012

Challenge
Share
Tweet
Embed
Score 0/44 Timer 08:00
0 Plays Today
% Correct
Green Bay Packers
93.3%
Pittsburgh Steelers
92.8%
Aaron Rodgers
87.7%
Tom Brady
83.8%
Los Angeles Lakers
83.4%
San Francisco Giants
83.1%
Boston Celtics
79.1%
Kobe Bryant
78%
Texas Rangers
74.9%
New England Patriots (14 - 2)
74.6%
LeBron James
71.5%
Chicago Blackhawks
59.8%
Carolina Panthers (2 - 14)
57%
Kevin Durant
54.6%
Philadelphia Phillies (97 - 65)
53.1%
Cleveland Cavaliers (61 - 21)
52.2%
Philip Rivers
47.8%
Philadelphia Flyers
46.8%
Arian Foster
43%
Ndamukong Suh
42.9%
Josh Hamilton
41.2%
Josh Hamilton
41.2%
% Correct
Sam Bradford
40.3%
Roy Halladay
38.9%
Dwight Howard
38.7%
Pittsburgh Pirates (57 - 105)
36.1%
New Jersey Nets (12 - 70)
35.4%
Edgar Renteria
32.4%
Joey Votto
31.3%
Felix Hernandez
28.8%
Washington Capitals (54 - 15 - 13)
27.8%
Jonathan Toews
27.8%
Buster Posey
27.6%
Tyreke Evans
24%
Jamal Crawford
17.5%
Brandon Lloyd
17.2%
Edmonton Oilers (27 - 47 - 8)
16.8%
Henrik Sedin
16.4%
Henrik Sedin
16.4%
Carlos Gonzalez
16.1%
Ryan Miller
12.7%
Neftali Feliz
11.2%
Duncan Keith
10.5%
Tyler Myers
4.4%

You're not logged in!

Compare scores with friends on all Sporcle quizzes.
Sign Up with Email
OR
Log In

You Might Also Like...

Show Comments

Extras

Top Quizzes Today


Score Distribution

Your Account Isn't Verified!

In order to create a playlist on Sporcle, you need to verify the email address you used during registration. Go to your Sporcle Settings to finish the process.